[Event "EYCC 2024 - G18"]
[Site "?"]
[Date "2024.08.29"]
[Round "7.1"]
[White "Orian, Noga"]
[Black "Siekanska, Maria"]
[Result "1/2-1/2"]
[BlackElo "2097"]
[WhiteElo "2201"]
[LiveChessVersion "1.4.8"]

1. d4 {[%clk 1:30:57]} d5 {[%clk 1:30:52]} 2. c4 {[%clk 1:31:11]} e6
{[%clk 1:31:15]} 3. Nf3 {[%clk 1:31:28]} Nf6 {[%clk 1:31:37]} 4. g3
{[%clk 1:31:52]} dxc4 {[%clk 1:31:59]} 5. Bg2 {[%clk 1:32:10]} a6
{[%clk 1:32:24]} 6. Ne5 {[%clk 1:32:29]} Bb4+ {[%clk 1:32:47]} 7. Nc3
{[%clk 1:32:54]} Nd5 {[%clk 1:33:10]} 8. O-O {[%clk 1:33:12]} Nxc3
{[%clk 1:33:32]} 9. bxc3 {[%clk 1:33:37]} Bxc3 {[%clk 1:33:57]} 10. Rb1
{[%clk 1:33:59]} Qxd4 {[%clk 1:34:21]} 11. Qa4+ {[%clk 1:33:56]} b5
{[%clk 1:34:44]} 12. Qa3 {[%clk 1:33:46]} Qxe5 {[%clk 1:34:53]} 13. Bf4
{[%clk 1:34:12]} Qf6 {[%clk 1:35:15]} 14. Bxc7 {[%clk 1:34:06]} b4
{[%clk 1:33:36]} 15. Rxb4 {[%clk 1:34:31]} Bxb4 {[%clk 1:34:01]} 16. Qxb4
{[%clk 1:34:55]} a5 {[%clk 1:34:12]} 17. Qb5+ {[%clk 1:35:07]} Bd7
{[%clk 1:34:30]} 18. Qxc4 {[%clk 1:35:30]} Na6 {[%clk 1:34:48]} 19. Bxa8
{[%clk 1:34:08]} Nxc7 {[%clk 1:35:14]} 20. Qxc7 {[%clk 1:34:23]} Qd8
{[%clk 1:35:38]} 21. Qxd8+ {[%clk 1:32:11]} Kxd8 {[%clk 1:35:56]} 1/2-1/2

[Event "EYCC 2024 - G18"]
[Site "?"]
[Date "2024.08.29"]
[Round "7.2"]
[White "Tokarz, Izabela"]
[Black "Karacsonyi, Kata"]
[Result "1/2-1/2"]
[BlackElo "2184"]
[WhiteElo "1941"]
[LiveChessVersion "1.4.8"]

1. d4 {[%clk 1:30:59]} Nf6 {[%clk 1:30:53]} 2. c4 {[%clk 1:31:26]} e6
{[%clk 1:31:16]} 3. Nf3 {[%clk 1:31:53]} d5 {[%clk 1:31:28]} 4. Nc3
{[%clk 1:32:20]} dxc4 {[%clk 1:31:45]} 5. e3 {[%clk 1:32:46]} a6 {[%clk 1:32:00]}
6. Bxc4 {[%clk 1:33:11]} b5 {[%clk 1:32:18]} 7. Bb3 {[%clk 1:33:37]} Bb7
{[%clk 1:32:02]} 8. O-O {[%clk 1:33:38]} c5 {[%clk 1:30:11]} 9. e4
{[%clk 1:33:55]} cxd4 {[%clk 1:14:11]} 10. Nxd4 {[%clk 1:34:23]} Nc6
{[%clk 0:57:19]} 11. Nxc6 {[%clk 1:34:48]} Bxc6 {[%clk 0:55:52]} 12. Bg5
{[%clk 1:03:38]} Qxd1 {[%clk 0:40:36]} 13. Raxd1 {[%clk 1:02:44]} Bb4
{[%clk 0:23:21]} 14. f3 {[%clk 0:56:42]} Bc5+ {[%clk 0:22:25]} 15. Kh1
{[%clk 0:56:38]} Nd7 {[%clk 0:20:05]} 16. Ne2 {[%clk 0:49:21]} h6
{[%clk 0:14:05]} 17. Bh4 {[%clk 0:48:19]} Rc8 {[%clk 0:10:45]} 18. Nd4
{[%clk 0:45:00]} Bb7 {[%clk 0:11:01]} 19. Rfe1 {[%clk 0:32:13]} Ne5
{[%clk 0:09:18]} 20. Nf5 {[%clk 0:21:31]} O-O {[%clk 0:04:20]} 21. Ne7+
{[%clk 0:16:05]} Bxe7 {[%clk 0:04:44]} 22. Bxe7 {[%clk 0:16:32]} Rfe8
{[%clk 0:05:06]} 23. Bb4 {[%clk 0:16:59]} Nc4 {[%clk 0:03:29]} 24. Bc3
{[%clk 0:16:30]} Red8 {[%clk 0:00:36]} 25. Kg1 {[%clk 0:16:45]} a5
{[%clk 0:00:32]} 26. Bxc4 {[%clk 0:15:57]} Rxd1 {[%clk 0:00:31]} 27. Rxd1
{[%clk 0:16:25]} bxc4 {[%clk 0:00:34]} 28. Bxa5 {[%clk 0:16:21]} Ra8
{[%clk 0:00:59]} 29. Rd8+ {[%clk 0:16:42]} Rxd8 {[%clk 0:01:23]} 30. Bxd8
{[%clk 0:17:10]} f5 {[%clk 0:00:37]} 31. exf5 {[%clk 0:16:10]} exf5
{[%clk 0:01:01]} 32. Kf2 {[%clk 0:16:39]} f4 {[%clk 0:00:41]} 33. Ke2
{[%clk 0:15:26]} Kf7 {[%clk 0:00:44]} 34. Kd2 {[%clk 0:15:50]} Ke6
{[%clk 0:01:00]} 35. Kc3 {[%clk 0:14:52]} g5 {[%clk 0:00:38]} 36. Kd4
{[%clk 0:03:14]} Ba6 {[%clk 0:00:35]} 37. a4 {[%clk 0:03:02]} Kf5
{[%clk 0:00:33]} 38. Bc7 {[%clk 0:01:46]} h5 {[%clk 0:00:33]} 39. a5
{[%clk 0:01:42]} g4 {[%clk 0:00:32]} 40. fxg4+ {[%clk 0:01:38]} hxg4
{[%clk 0:00:46]} 41. g3 {[%clk 0:01:54]} f3 {[%clk 0:00:56]} 42. Ke3
{[%clk 0:02:22]} Bc8 {[%clk 0:00:34]} 43. Bb6 {[%clk 0:01:35]} Ke5
{[%clk 0:00:49]} 44. Bd4+ {[%clk 0:00:58]} Kd5 {[%clk 0:01:14]} 45. Bc3
{[%clk 0:01:09]} Bb7 {[%clk 0:01:12]} 46. Be1 {[%clk 0:01:03]} Ke5
{[%clk 0:01:25]} 47. Bf2 {[%clk 0:01:27]} Bc8 {[%clk 0:00:47]} 48. Be1
{[%clk 0:01:05]} Bb7 {[%clk 0:00:59]} 49. Bc3+ {[%clk 0:01:18]} Kd5
{[%clk 0:01:27]} 50. Bf6 {[%clk 0:01:17]} Ke6 {[%clk 0:01:10]} 51. Bd8
{[%clk 0:01:34]} Ke5 {[%clk 0:00:56]} 52. Bb6 {[%clk 0:01:54]} Bc8
{[%clk 0:00:45]} 53. Kd2 {[%clk 0:02:20]} Kd5 {[%clk 0:00:36]} 54. Kc3
{[%clk 0:02:27]} Ba6 {[%clk 0:00:42]} 55. Kb4 {[%clk 0:02:55]} Kc6
{[%clk 0:01:01]} 56. Kc3 {[%clk 0:02:39]} Kd5 {[%clk 0:01:26]} 57. Kd2
{[%clk 0:03:01]} Ke4 {[%clk 0:01:25]} 58. Bg1 {[%clk 0:03:01]} Bc8
{[%clk 0:01:05]} 59. Kc3 {[%clk 0:03:24]} Ba6 {[%clk 0:01:28]} 60. Bf2
{[%clk 0:03:27]} Kd5 {[%clk 0:01:44]} 1/2-1/2

[Event "EYCC 2024 - G18"]
[Site "?"]
[Date "2024.08.29"]
[Round "7.3"]
[White "Muradyan, Anahit"]
[Black "Ter-Avetisjana, Agnesa Stepania"]
[Result "0-1"]
[BlackElo "2089"]
[WhiteElo "1753"]
[LiveChessVersion "1.4.8"]

1. e4 {[%clk 1:30:57]} c6 {[%clk 1:29:07]} 2. d4 {[%clk 1:31:23]} d5
{[%clk 1:29:31]} 3. Nc3 {[%clk 1:31:50]} dxe4 {[%clk 1:29:52]} 4. Nxe4
{[%clk 1:32:14]} Bf5 {[%clk 1:30:16]} 5. Ng3 {[%clk 1:32:41]} Bg6
{[%clk 1:30:38]} 6. h4 {[%clk 1:33:03]} h6 {[%clk 1:31:02]} 7. Nf3
{[%clk 1:33:29]} e6 {[%clk 1:31:24]} 8. Ne5 {[%clk 1:33:13]} Bh7 {[%clk 1:31:46]}
9. Bd3 {[%clk 1:33:14]} Bxd3 {[%clk 1:32:07]} 10. Qxd3 {[%clk 1:33:42]} Nd7
{[%clk 1:32:26]} 11. f4 {[%clk 1:32:56]} Be7 {[%clk 1:30:31]} 12. h5
{[%clk 1:30:56]} Ngf6 {[%clk 1:21:05]} 13. Bd2 {[%clk 1:29:19]} Qb6
{[%clk 1:09:01]} 14. O-O-O {[%clk 1:25:33]} Rd8 {[%clk 1:06:26]} 15. c3
{[%clk 1:21:57]} c5 {[%clk 0:59:42]} 16. dxc5 {[%clk 1:05:09]} Nxc5
{[%clk 0:47:17]} 17. Qc2 {[%clk 1:04:36]} O-O {[%clk 0:45:04]} 18. Be3
{[%clk 0:53:13]} Nb3+ {[%clk 0:44:46]} 19. Kb1 {[%clk 0:49:49]} Qxe3
{[%clk 0:45:07]} 20. Nf3 {[%clk 0:28:00]} Nc5 {[%clk 0:44:13]} 21. f5
{[%clk 0:25:44]} Qf4 {[%clk 0:43:04]} 22. Rh3 {[%clk 0:21:00]} Rxd1+
{[%clk 0:41:33]} 23. Qxd1 {[%clk 0:21:24]} Nce4 {[%clk 0:40:33]} 24. Nxe4
{[%clk 0:12:00]} Qxe4+ {[%clk 0:40:56]} 25. Qc2 {[%clk 0:12:10]} exf5
{[%clk 0:38:59]} 26. Nd4 {[%clk 0:12:05]} Rd8 {[%clk 0:38:13]} 27. Rf3
{[%clk 0:11:09]} Bc5 {[%clk 0:37:33]} 28. Nb3 {[%clk 0:09:55]} Rd1+
{[%clk 0:35:31]} 29. Nc1 {[%clk 0:10:20]} Be3 {[%clk 0:35:35]} 0-1

[Event "EYCC 2024 - G18"]
[Site "?"]
[Date "2024.08.29"]
[Round "7.4"]
[White "Zelbova, Lada"]
[Black "Weersing, Abigail Riis"]
[Result "1-0"]
[BlackElo "1925"]
[WhiteElo "1983"]
[LiveChessVersion "1.4.8"]

1. d4 {[%clk 1:30:56]} Nf6 {[%clk 1:30:55]} 2. Bf4 {[%clk 1:31:17]} d5
{[%clk 1:31:19]} 3. e3 {[%clk 1:31:10]} c5 {[%clk 1:31:39]} 4. c3
{[%clk 1:28:40]} Nc6 {[%clk 1:32:01]} 5. Nd2 {[%clk 1:28:30]} Qb6
{[%clk 1:32:10]} 6. Qb3 {[%clk 1:26:57]} cxd4 {[%clk 1:32:32]} 7. exd4
{[%clk 1:25:07]} Bf5 {[%clk 1:32:47]} 8. Ngf3 {[%clk 1:22:46]} e6
{[%clk 1:33:02]} 9. Nh4 {[%clk 1:13:58]} Be4 {[%clk 1:29:10]} 10. f3
{[%clk 1:11:03]} Bg6 {[%clk 1:24:18]} 11. Nxg6 {[%clk 1:05:59]} hxg6
{[%clk 1:24:41]} 12. Qxb6 {[%clk 1:02:10]} axb6 {[%clk 1:25:07]} 13. Bb5
{[%clk 1:01:38]} Nh5 {[%clk 1:21:04]} 14. Bc7 {[%clk 0:56:51]} Kd7
{[%clk 1:19:07]} 15. Bxb6 {[%clk 0:55:01]} Ng3 {[%clk 1:17:04]} 16. Rg1
{[%clk 0:54:07]} Rxh2 {[%clk 1:16:45]} 17. Nf1 {[%clk 0:48:34]} Nxf1
{[%clk 1:17:01]} 18. Kxf1 {[%clk 0:48:39]} Bd6 {[%clk 1:12:09]} 19. Kf2
{[%clk 0:48:43]} Bf4 {[%clk 1:03:50]} 20. a4 {[%clk 0:47:11]} Kc8
{[%clk 0:38:14]} 21. Rh1 {[%clk 0:43:28]} Rh6 {[%clk 0:35:39]} 22. g3
{[%clk 0:30:27]} Bc7 {[%clk 0:35:11]} 23. Bxc6 {[%clk 0:28:38]} Bxb6
{[%clk 0:30:48]} 24. Rxh6 {[%clk 0:24:02]} gxh6 {[%clk 0:31:11]} 25. Be8
{[%clk 0:23:50]} e5 {[%clk 0:31:20]} 26. Ke3 {[%clk 0:23:00]} f6 {[%clk 0:28:46]}
27. Bxg6 {[%clk 0:23:07]} Kc7 {[%clk 0:28:14]} 28. g4 {[%clk 0:22:19]} Kd6
{[%clk 0:25:50]} 29. Bf5 {[%clk 0:21:02]} exd4+ {[%clk 0:24:03]} 30. cxd4
{[%clk 0:20:52]} Ba5 {[%clk 0:23:26]} 31. Kd3 {[%clk 0:19:30]} Re8
{[%clk 0:20:08]} 32. Rh1 {[%clk 0:19:52]} Re1 {[%clk 0:20:00]} 33. Rxh6
{[%clk 0:18:02]} Rd1+ {[%clk 0:20:03]} 34. Kc2 {[%clk 0:18:09]} Rxd4
{[%clk 0:20:07]} 35. Rxf6+ {[%clk 0:17:58]} Ke5 {[%clk 0:20:18]} 36. Rf7
{[%clk 0:18:05]} Bd8 {[%clk 0:15:36]} 37. a5 {[%clk 0:16:07]} Rf4
{[%clk 0:15:12]} 38. Rxb7 {[%clk 0:14:15]} Bxa5 {[%clk 0:15:38]} 39. Bd3
{[%clk 0:13:09]} Rxf3 {[%clk 0:14:06]} 40. g5 {[%clk 0:12:45]} Kd4
{[%clk 0:12:47]} 41. Bh7 {[%clk 0:09:55]} Kc4 {[%clk 0:10:12]} 42. g6
{[%clk 0:08:51]} Rf2+ {[%clk 0:10:15]} 43. Kb1 {[%clk 0:08:29]} Rh2
{[%clk 0:08:25]} 44. Rf7 {[%clk 0:05:50]} Rh3 {[%clk 0:02:40]} 45. g7
{[%clk 0:04:13]} Kb3 {[%clk 0:03:05]} 46. Bc2+ {[%clk 0:03:50]} 1-0

[Event "EYCC 2024 - G18"]
[Site "?"]
[Date "2024.08.29"]
[Round "7.5"]
[White "Manko, Mariia"]
[Black "Deak-Sala, Emilia"]
[Result "1-0"]
[BlackElo "2037"]
[WhiteElo "2159"]
[LiveChessVersion "1.4.8"]

1. d4 {[%clk 1:30:57]} Nf6 {[%clk 1:28:54]} 2. c4 {[%clk 1:31:21]} g6
{[%clk 1:29:19]} 3. g3 {[%clk 1:31:45]} Bg7 {[%clk 1:29:34]} 4. Bg2
{[%clk 1:32:07]} d6 {[%clk 1:29:58]} 5. Nc3 {[%clk 1:32:06]} O-O {[%clk 1:30:22]}
6. Nf3 {[%clk 1:32:32]} Nbd7 {[%clk 1:30:43]} 7. O-O {[%clk 1:32:54]} e5
{[%clk 1:31:11]} 8. e4 {[%clk 1:33:15]} exd4 {[%clk 1:31:35]} 9. Nxd4
{[%clk 1:33:34]} Re8 {[%clk 1:32:03]} 10. Be3 {[%clk 1:29:35]} Nc5
{[%clk 1:29:27]} 11. f3 {[%clk 1:27:45]} c6 {[%clk 1:20:51]} 12. Qd2
{[%clk 1:24:02]} a5 {[%clk 1:16:21]} 13. Rad1 {[%clk 1:24:11]} a4
{[%clk 0:48:33]} 14. Nxc6 {[%clk 0:45:58]} bxc6 {[%clk 0:47:32]} 15. Bxc5
{[%clk 0:46:10]} Be6 {[%clk 0:43:45]} 16. Qf2 {[%clk 0:35:00]} Bxc4
{[%clk 0:40:30]} 17. Rxd6 {[%clk 0:35:00]} Qa5 {[%clk 0:27:03]} 18. Rfd1
{[%clk 0:34:11]} Rec8 {[%clk 0:24:36]} 19. Bh3 {[%clk 0:32:42]} Bf8
{[%clk 0:23:59]} 20. Bxc8 {[%clk 0:29:34]} Rxc8 {[%clk 0:24:20]} 21. Bb6
{[%clk 0:23:10]} Qe5 {[%clk 0:23:17]} 22. Rd8 {[%clk 0:22:32]} Rxd8
{[%clk 0:20:09]} 23. Rxd8 {[%clk 0:22:52]} Kg7 {[%clk 0:20:18]} 24. Qd4
{[%clk 0:19:47]} Qe7 {[%clk 0:20:04]} 25. Qxc4 {[%clk 0:19:32]} 1-0

[Event "EYCC 2024 - G18"]
[Site "?"]
[Date "2024.08.29"]
[Round "7.6"]
[White "Skarbarchuk, Tetyana"]
[Black "Cornileau, Juliette"]
[Result "0-1"]
[BlackElo "2116"]
[WhiteElo "2037"]
[LiveChessVersion "1.4.8"]

1. d4 {[%clk 1:30:56]} d5 {[%clk 1:30:55]} 2. c4 {[%clk 1:31:19]} e6
{[%clk 1:31:15]} 3. Nc3 {[%clk 1:31:28]} c6 {[%clk 1:31:16]} 4. Nf3
{[%clk 1:25:10]} Nf6 {[%clk 1:31:20]} 5. Qc2 {[%clk 1:25:13]} Nbd7
{[%clk 1:29:14]} 6. e4 {[%clk 1:24:35]} dxe4 {[%clk 1:27:03]} 7. Nxe4
{[%clk 1:24:57]} Nxe4 {[%clk 1:25:19]} 8. Qxe4 {[%clk 1:25:19]} Nf6
{[%clk 1:25:27]} 9. Qe3 {[%clk 1:24:40]} Bd6 {[%clk 1:15:59]} 10. Bd3
{[%clk 0:55:48]} O-O {[%clk 1:12:13]} 11. O-O {[%clk 0:54:32]} b6
{[%clk 1:09:43]} 12. Ne5 {[%clk 0:45:00]} c5 {[%clk 0:57:03]} 13. Qf3
{[%clk 0:34:50]} Ba6 {[%clk 0:56:20]} 14. Bg5 {[%clk 0:29:51]} h6
{[%clk 0:25:47]} 15. Bxf6 {[%clk 0:28:12]} Qxf6 {[%clk 0:25:46]} 16. Qe4
{[%clk 0:27:07]} g6 {[%clk 0:26:14]} 17. Nd7 {[%clk 0:25:19]} Qxd4
{[%clk 0:26:35]} 18. Nxf8 {[%clk 0:17:49]} Rxf8 {[%clk 0:26:57]} 19. Qxd4
{[%clk 0:14:56]} cxd4 {[%clk 0:27:25]} 20. f4 {[%clk 0:14:34]} Kg7
{[%clk 0:23:04]} 21. g3 {[%clk 0:06:52]} Rc8 {[%clk 0:21:32]} 22. Rac1
{[%clk 0:06:17]} Bb7 {[%clk 0:16:24]} 23. a3 {[%clk 0:04:22]} f5 {[%clk 0:12:36]}
24. Rc2 {[%clk 0:02:01]} Kf6 {[%clk 0:11:41]} 25. b4 {[%clk 0:01:41]} g5
{[%clk 0:10:50]} 26. fxg5+ {[%clk 0:01:25]} hxg5 {[%clk 0:10:40]} 27. Rfc1
{[%clk 0:01:19]} Be4 {[%clk 0:05:27]} 28. Bxe4 {[%clk 0:01:02]} fxe4
{[%clk 0:05:56]} 29. Kf1 {[%clk 0:00:42]} Ke5 {[%clk 0:05:42]} 30. Rf2
{[%clk 0:00:40]} d3 {[%clk 0:05:08]} 31. Rf7 {[%clk 0:00:45]} e3 {[%clk 0:04:18]}
32. Rf3 {[%clk 0:00:33]} Ke4 {[%clk 0:04:42]} 33. Rf6 {[%clk 0:01:00]} Rf8
{[%clk 0:03:52]} 34. Rxf8 {[%clk 0:01:24]} Bxf8 {[%clk 0:04:21]} 35. Rb1
{[%clk 0:00:43]} Kf3 {[%clk 0:04:00]} 36. Ke1 {[%clk 0:00:32]} Bg7
{[%clk 0:04:02]} 37. Rb3 {[%clk 0:00:33]} d2+ {[%clk 0:04:19]} 38. Kd1
{[%clk 0:00:58]} Kf2 {[%clk 0:04:38]} 39. Rb1 {[%clk 0:01:03]} Bc3
{[%clk 0:04:50]} 0-1

[Event "EYCC 2024 - G18"]
[Site "?"]
[Date "2024.08.29"]
[Round "7.7"]
[White "Bargan, Victoria"]
[Black "Tashkinova, Sofiia"]
[Result "1-0"]
[BlackElo "2093"]
[WhiteElo "1977"]
[LiveChessVersion "1.4.8"]

1. d4 {[%clk 1:30:59]} Nf6 {[%clk 1:29:22]} 2. c4 {[%clk 1:31:25]} e6
{[%clk 1:29:48]} 3. Nc3 {[%clk 1:31:51]} Bb4 {[%clk 1:30:09]} 4. Qc2
{[%clk 1:32:09]} d6 {[%clk 1:30:13]} 5. Nf3 {[%clk 1:32:26]} O-O {[%clk 1:26:31]}
6. a3 {[%clk 1:32:04]} Bxc3+ {[%clk 1:26:45]} 7. Qxc3 {[%clk 1:32:30]} b6
{[%clk 1:26:25]} 8. e3 {[%clk 1:31:18]} Bb7 {[%clk 1:26:00]} 9. Bd3
{[%clk 1:30:40]} Ne4 {[%clk 1:23:21]} 10. Qc2 {[%clk 1:30:57]} f5
{[%clk 1:22:36]} 11. O-O {[%clk 1:27:31]} Nd7 {[%clk 1:21:27]} 12. b4
{[%clk 1:27:35]} Rf6 {[%clk 1:13:19]} 13. Bb2 {[%clk 1:22:59]} Rh6
{[%clk 1:08:32]} 14. d5 {[%clk 1:14:33]} e5 {[%clk 1:00:32]} 15. Bxe4
{[%clk 1:06:40]} fxe4 {[%clk 1:00:52]} 16. Qxe4 {[%clk 1:07:07]} Nf6
{[%clk 0:48:56]} 17. Qc2 {[%clk 1:07:11]} Qe8 {[%clk 0:47:34]} 18. e4
{[%clk 0:52:26]} Qh5 {[%clk 0:44:14]} 19. Rfe1 {[%clk 0:48:40]} Rg6
{[%clk 0:39:34]} 20. Qe2 {[%clk 0:34:35]} Qh3 {[%clk 0:34:53]} 21. g3
{[%clk 0:34:48]} Bc8 {[%clk 0:34:48]} 22. Bxe5 {[%clk 0:31:06]} dxe5
{[%clk 0:25:28]} 23. Nxe5 {[%clk 0:31:29]} Rh6 {[%clk 0:25:48]} 24. f3
{[%clk 0:30:29]} Ba6 {[%clk 0:22:39]} 25. b5 {[%clk 0:29:19]} Re8
{[%clk 0:18:35]} 26. Nd3 {[%clk 0:23:56]} Bc8 {[%clk 0:18:28]} 27. Nf4
{[%clk 0:23:51]} Qd7 {[%clk 0:18:42]} 28. e5 {[%clk 0:22:27]} g5 {[%clk 0:17:09]}
29. Nd3 {[%clk 0:08:35]} Nxd5 {[%clk 0:15:20]} 30. cxd5 {[%clk 0:08:41]} Qxd5
{[%clk 0:15:48]} 31. Qa2 {[%clk 0:09:06]} Be6 {[%clk 0:15:42]} 32. Qxd5
{[%clk 0:09:19]} Bxd5 {[%clk 0:16:11]} 33. Re3 {[%clk 0:09:13]} Bc4
{[%clk 0:15:51]} 34. Rc1 {[%clk 0:08:26]} Bxb5 {[%clk 0:16:06]} 35. Rxc7
{[%clk 0:08:14]} a6 {[%clk 0:16:24]} 36. f4 {[%clk 0:07:12]} Rd8 {[%clk 0:15:33]}
37. Nf2 {[%clk 0:06:48]} gxf4 {[%clk 0:15:38]} 38. gxf4 {[%clk 0:07:15]} Rg6+
{[%clk 0:15:52]} 39. Rg3 {[%clk 0:07:36]} Rf8 {[%clk 0:15:13]} 40. Nh3
{[%clk 0:06:03]} Rd8 {[%clk 0:14:22]} 41. Rxg6+ {[%clk 0:05:32]} hxg6
{[%clk 0:14:46]} 42. Ng5 {[%clk 0:05:09]} Rd1+ {[%clk 0:11:50]} 43. Kg2
{[%clk 0:05:14]} Rd2+ {[%clk 0:12:07]} 44. Kg3 {[%clk 0:05:28]} Rd3+
{[%clk 0:12:14]} 45. Kh4 {[%clk 0:05:53]} Rxa3 {[%clk 0:12:23]} 46. Ne6
{[%clk 0:05:03]} Bd3 {[%clk 0:12:09]} 47. Kg5 {[%clk 0:04:48]} Bf5
{[%clk 0:11:17]} 48. Nd4 {[%clk 0:03:48]} Rh3 {[%clk 0:08:37]} 49. Nxf5
{[%clk 0:04:08]} gxf5 {[%clk 0:09:02]} 50. Kxf5 {[%clk 0:03:58]} b5
{[%clk 0:09:14]} 51. e6 {[%clk 0:03:28]} Kf8 {[%clk 0:09:09]} 52. Ke5
{[%clk 0:03:22]} b4 {[%clk 0:08:35]} 53. f5 {[%clk 0:03:43]} Rc3 {[%clk 0:08:58]}
54. Rb7 {[%clk 0:03:38]} Rc5+ {[%clk 0:09:07]} 55. Kf6 {[%clk 0:04:03]} Rc8
{[%clk 0:08:30]} 56. Rxb4 {[%clk 0:04:25]} a5 {[%clk 0:08:38]} 57. Ra4
{[%clk 0:04:25]} Ra8 {[%clk 0:08:55]} 58. h4 {[%clk 0:04:45]} 1-0

[Event "EYCC 2024 - G18"]
[Site "?"]
[Date "2024.08.29"]
[Round "7.8"]
[White "Stepanyan, Alvard"]
[Black "Kochavi, Dana"]
[Result "0-1"]
[BlackElo "2083"]
[WhiteElo "1888"]
[LiveChessVersion "1.4.8"]

1. d4 {[%clk 1:30:40]} Nf6 {[%clk 1:30:56]} 2. c4 {[%clk 1:31:00]} g6
{[%clk 1:31:24]} 3. Nf3 {[%clk 1:30:35]} Bg7 {[%clk 1:31:50]} 4. g3
{[%clk 1:30:52]} d6 {[%clk 1:32:17]} 5. Bg2 {[%clk 1:30:43]} O-O {[%clk 1:32:41]}
6. O-O {[%clk 1:30:31]} Nc6 {[%clk 1:31:57]} 7. Nc3 {[%clk 1:24:41]} e5
{[%clk 1:30:58]} 8. d5 {[%clk 1:17:17]} Ne7 {[%clk 1:31:24]} 9. e4
{[%clk 1:16:55]} Nd7 {[%clk 1:30:10]} 10. Rb1 {[%clk 1:16:01]} a5
{[%clk 1:30:30]} 11. a3 {[%clk 1:16:27]} b6 {[%clk 1:30:32]} 12. b4
{[%clk 1:16:04]} h6 {[%clk 1:29:09]} 13. Nd2 {[%clk 1:13:39]} f5 {[%clk 1:28:47]}
14. Nb3 {[%clk 1:10:00]} Ba6 {[%clk 1:18:03]} 15. Nb5 {[%clk 1:07:07]} axb4
{[%clk 1:17:30]} 16. axb4 {[%clk 1:07:31]} Nf6 {[%clk 1:16:36]} 17. f3
{[%clk 1:04:07]} Kh8 {[%clk 1:13:09]} 18. Qd3 {[%clk 0:48:35]} Qd7
{[%clk 1:04:56]} 19. Be3 {[%clk 0:41:59]} g5 {[%clk 1:02:50]} 20. Ra1
{[%clk 0:34:07]} g4 {[%clk 0:40:59]} 21. Rf2 {[%clk 0:27:14]} gxf3
{[%clk 0:41:08]} 22. Bxf3 {[%clk 0:27:27]} Nxe4 {[%clk 0:38:31]} 23. Rfa2
{[%clk 0:23:41]} Bb7 {[%clk 0:38:06]} 24. Ra7 {[%clk 0:18:53]} Rab8
{[%clk 0:38:01]} 25. Bxe4 {[%clk 0:16:22]} fxe4 {[%clk 0:38:26]} 26. Qxe4
{[%clk 0:16:45]} Bxd5 {[%clk 0:35:36]} 27. cxd5 {[%clk 0:07:34]} Qxb5
{[%clk 0:35:59]} 28. Rd1 {[%clk 0:06:35]} Qe2 {[%clk 0:35:15]} 29. Qd3
{[%clk 0:06:25]} Rf1+ {[%clk 0:35:37]} 30. Rxf1 {[%clk 0:05:19]} Qxd3
{[%clk 0:36:02]} 31. Rxc7 {[%clk 0:05:43]} Qxe3+ {[%clk 0:36:24]} 32. Kh1
{[%clk 0:05:42]} Rf8 {[%clk 0:36:25]} 0-1

[Event "EYCC 2024 - G18"]
[Site "?"]
[Date "2024.08.29"]
[Round "7.9"]
[White "Suarez Gomez, Paula"]
[Black "Alexandri, Dimitra"]
[Result "0-1"]
[BlackElo "2008"]
[WhiteElo "2080"]
[LiveChessVersion "1.4.8"]

1. e4 {[%clk 1:30:58]} c5 {[%clk 1:30:53]} 2. Nf3 {[%clk 1:31:22]} d6
{[%clk 1:31:16]} 3. d4 {[%clk 1:31:47]} cxd4 {[%clk 1:31:39]} 4. Nxd4
{[%clk 1:32:12]} Nf6 {[%clk 1:31:59]} 5. f3 {[%clk 1:32:29]} a6 {[%clk 1:29:32]}
6. c4 {[%clk 1:32:29]} g6 {[%clk 1:17:29]} 7. Nc3 {[%clk 1:32:05]} Bg7
{[%clk 1:17:45]} 8. Be3 {[%clk 1:32:04]} O-O {[%clk 1:16:59]} 9. Be2
{[%clk 1:32:19]} Nbd7 {[%clk 0:56:28]} 10. O-O {[%clk 1:31:41]} Nc5
{[%clk 0:54:12]} 11. a4 {[%clk 1:20:53]} a5 {[%clk 0:50:37]} 12. Qc2
{[%clk 1:14:13]} Bd7 {[%clk 0:43:38]} 13. Rad1 {[%clk 1:11:21]} Qc8
{[%clk 0:39:52]} 14. Ndb5 {[%clk 1:03:44]} Na6 {[%clk 0:31:08]} 15. Kh1
{[%clk 0:55:00]} Nb4 {[%clk 0:30:35]} 16. Qd2 {[%clk 0:55:22]} Be6
{[%clk 0:28:07]} 17. Rc1 {[%clk 0:40:07]} Nd7 {[%clk 0:20:38]} 18. Bd4
{[%clk 0:33:00]} Bxd4 {[%clk 0:17:40]} 19. Nxd4 {[%clk 0:29:12]} Nc5
{[%clk 0:16:57]} 20. Nd5 {[%clk 0:28:48]} Bxd5 {[%clk 0:15:26]} 21. cxd5
{[%clk 0:29:05]} Qd8 {[%clk 0:13:22]} 22. Bb5 {[%clk 0:28:49]} Qb6
{[%clk 0:12:40]} 23. Rc3 {[%clk 0:20:28]} Rac8 {[%clk 0:10:43]} 24. Qe3
{[%clk 0:20:22]} Na2 {[%clk 0:04:27]} 25. Ra3 {[%clk 0:20:18]} Nb4
{[%clk 0:04:49]} 26. Rc1 {[%clk 0:15:55]} Rc7 {[%clk 0:02:03]} 27. Be2
{[%clk 0:15:35]} Rcc8 {[%clk 0:01:45]} 28. h3 {[%clk 0:14:04]} Rfd8
{[%clk 0:01:25]} 29. Kh2 {[%clk 0:13:29]} Rf8 {[%clk 0:01:08]} 30. f4
{[%clk 0:11:43]} Kg7 {[%clk 0:00:39]} 31. f5 {[%clk 0:10:27]} Rh8
{[%clk 0:00:34]} 32. Qc3 {[%clk 0:05:56]} Kg8 {[%clk 0:00:38]} 33. Nf3
{[%clk 0:02:44]} Rd8 {[%clk 0:00:32]} 34. Qe3 {[%clk 0:01:36]} Nd7
{[%clk 0:00:35]} 35. Qf4 {[%clk 0:01:53]} Nf6 {[%clk 0:00:45]} 36. Ng5
{[%clk 0:01:45]} h6 {[%clk 0:00:57]} 37. Nf3 {[%clk 0:01:45]} g5 {[%clk 0:00:59]}
38. Nxg5 {[%clk 0:01:18]} hxg5 {[%clk 0:01:16]} 39. Qxg5+ {[%clk 0:01:43]} Kf8
{[%clk 0:01:34]} 40. Rg3 {[%clk 0:02:00]} Rh7 {[%clk 0:00:32]} 41. Bb5
{[%clk 0:01:02]} Qf2 {[%clk 0:00:31]} 42. Rc7 {[%clk 0:01:04]} Qxb2
{[%clk 0:00:42]} 43. Rxb7 {[%clk 0:01:13]} Qe5 {[%clk 0:00:56]} 44. Bd7 0-1